| 000 | 01365nam a2200337 a 4500 | ||
|---|---|---|---|
| 001 | ebr10674913 | ||
| 003 | CaPaEBR | ||
| 006 | m u | ||
| 007 | cr cn||||||||| | ||
| 008 | 090106s2009 nyuad sb 001 0 eng d | ||
| 010 | _z 2008054764 | ||
| 020 | _z9781607410393 (hardcover) | ||
| 020 | _z9781617283673 (e-book) | ||
| 040 |
_aCaPaEBR _cCaPaEBR |
||
| 035 | _a(OCoLC)662460105 | ||
| 050 | 1 | 4 |
_aQC585 _b.C53 2009eb |
| 082 | 0 | 4 |
_a537/.24 _222 |
| 100 | 1 | _aChoudhary, Ram Naresh Prasad. | |
| 245 | 1 | 0 |
_aDielectric materials _h[electronic resource] : _bintroduction, research and applications / _cRam Naresh Prasad Choudhary, Sunanda Kumari Patri. |
| 260 |
_aNew York. : _bNova Science Publishers, _c2009. |
||
| 300 |
_aviii, 152 p. : _bill. |
||
| 490 | 1 | _aMaterials science and technologies | |
| 504 | _aIncludes bibliographical references and index. | ||
| 533 |
_aElectronic reproduction. _bPalo Alto, Calif. : _cebrary, _d2013. _nAvailable via World Wide Web. _nAccess may be limited to ebrary affiliated libraries. |
||
| 650 | 0 | _aDielectrics. | |
| 655 | 7 |
_aElectronic books. _2local |
|
| 700 | 1 | _aPatri, Sunanda Kumari. | |
| 710 | 2 | _aebrary, Inc. | |
| 830 | 0 | _aMaterials science and technologies series. | |
| 856 | 4 | 0 |
_uhttp://site.ebrary.com/lib/rucke/Doc?id=10674913 _zAn electronic book accessible through the World Wide Web; click to view |
| 999 |
_c163779 _d163779 |
||